000 00353nam a2200169Ia 4500
100 _aJhingan/ M.L.
650 _aGeneral
250 _a11
942 _cBK
654 _aeconomic theory
245 _aAdvanced Economic Theory
260 _bVrinda publication
_c1997
082 _a338.9
_bJHI
300 _a1112
546 _aENGLISH
999 _c34538
_d34538